| 000 | 00530cam a22001457a 4500 | ||
|---|---|---|---|
| 008 | 180718b2005 xxu||||| |||| 00| 0 eng d | ||
| 100 | _aErsado, Lire | ||
| 245 |
_aSmall scale irrigation dams, agricultural production, and health: theory and evidence from Ethiopia _cby Lire Ersado |
||
| 260 |
_aWashington, D.C. _bWorld Bank _c2005 |
||
| 300 | _a35p. | ||
| 440 | _aPolicy research working paper; no. 3494 | ||
| 650 | _aAgriculture --Economic aspects --Ethiopia | ||
| 650 | _aDiseases --Ethiopia | ||
| 650 | _aIrrigation --Ethiopia | ||
| 999 |
_c291465 _d291465 |
||